000 01160 a2200157 4500
003 Nust
005 20221014122607.0
040 _cNust
082 _a604.2,MAC
100 _aCharles J.Vierck, Charles D.Cooper
_9100326
245 _aEngineering Drawing Problems Series-l /
_cCharles J.Vierck, Charles D.Cooper
260 _aNew yourk
_bMc Graw- Hill
_c1953
300 _a108
505 _aApplied Geometry, Architectural Views, Freehand Auxiliary Views, With Instruments, Charts and Graphs, Developments, Dimensioning, Inking, Intersections,Intersections and Developments, Isometric Drawing Freehand Isometric Drawing with Instruments, Lettering Inclined, Lettering Vertical ,Oblique Drawings Freehand, Oblique Drawings With Instruments, Oblique Views, Orthographic Projection-Freehand, Orthographic Projection-With Instruments, Orthographic Reading, Freehand, Orthographic Reading, With Instruments, Perspective Drawings, Rotations, Screw Threads, Sections And Conventions Freehand ,Sections And Conventions With Instruments, Threaded Fasteners ,Working Drawings, Tracing In Ink, Tracing In Pencil, Used The Instruments, Working Drawings.
942 _2ddc
_cBK
999 _c193497
_d193497